Cost Accounting (Record no. 16407)

MARC details
000 -LEADER
fixed length control field 00462nam a22001817a 4500
008 - FIXED-LENGTH DATA ELEMENTS--GENERAL INFORMATION
fixed length control field 260422b |||||||| |||| 00| 0 eng d
020 ## - INTERNATIONAL STANDARD BOOK NUMBER
International Standard Book Number 9789355407412
Price 425.00
040 ## - CATALOGING SOURCE
Original Cataloguing agency Sibsagar Commerce College Central Library
041 ## - LANGUAGE CODE
Language code of text/sound track or separate title English
082 ## - DEWEY DECIMAL CLASSIFICATION NUMBER
Classification number 657.42
Book Number JAI
100 ## - MAIN ENTRY--PERSONAL NAME
Personal name Jain, S.P.
Dates associated with a name Narang, K.L.
245 ## - TITLE STATEMENT
Title Cost Accounting
Statement of responsibility, etc. By S.P. Jain.
260 ## - PUBLICATION, DISTRIBUTION, ETC.
Place of publication, distribution, etc. New Delhi:
Name of publisher, distributor, etc. Kalyani Publishers;
Date of publication, distribution, etc. 2024.
300 ## - PHYSICAL DESCRIPTION
Pages 668p.
650 ## - Subject
Subject Accounting
942 ## - ADDED ENTRY ELEMENTS (KOHA)
Source of classification or shelving scheme Dewey Decimal Classification
Koha item type Books
Holdings
Withdrawn status Lost status Source of classification or shelving scheme Damaged status Not for loan Collection code Home library Current library Shelving location Date acquired Source of acquisition Total Checkouts Full call number Barcode Date last seen Copy number Cost, replacement price Price effective from Koha item type
    Dewey Decimal Classification     Accounting and Finance Sibsagar Commerce College Central Library Sibsagar Commerce College Central Library General Stacks 22/04/2026 Kitap Ghar   657.42 JAI 29208 22/04/2026 1 850.00 22/04/2026 Books
    Dewey Decimal Classification     Accounting and Finance Sibsagar Commerce College Central Library Sibsagar Commerce College Central Library General Stacks 22/04/2026 Kitap Ghar   657.42 JAI 29209 22/04/2026 2 850.00 22/04/2026 Books
    Dewey Decimal Classification     Accounting and Finance Sibsagar Commerce College Central Library Sibsagar Commerce College Central Library General Stacks 22/04/2026 Kitap Ghar   657.42 JAI 29210 22/04/2026 3 850.00 22/04/2026 Books
    Dewey Decimal Classification     Accounting and Finance Sibsagar Commerce College Central Library Sibsagar Commerce College Central Library General Stacks 22/04/2026 Kitap Ghar   657.42 JAI 29211 22/04/2026 4 850.00 22/04/2026 Books


Sibsagar Commerce College © 2020. All rights reserved.
Powered by Koha.
Hosted by LIBKART.